• 首页
  • 本馆介绍
  • 公告通知
  • 最新文献
  • 馆藏检索
  • 电子资源
  • 读者导购
  • 参考咨询
  • 我的图书馆
  • 登录
  • 详细信息显示
  • 放入我的书架
  • 预约/预借图书
  • 作者相关作品
  • 分类相关作品
  • 丛书相关作品
  • 出版社相关作品

书目信息

  • 表格格式
  • 工作单格式
  • 卡片格式
题名:
管好自己,就没有做不成的事
    
 
作者: 乔子青 著
分册:  
出版信息: 沈阳   沈阳出版社  2017
页数: 229页
开本: 24cm
丛书名:
单 册:
中图分类: C912.1-49
科图分类:
主题词: 自我管理--通俗读物
电子资源:
ISBN: 978-7-5441-8531-8
000 00956nam0 2200229 450
001 153
005 20180519111756.33
010    @a978-7-5441-8531-8@dCNY39.80
100    @a20170905d2017 em y0chiy50 ea
101 0  @achi
102    @aCN@b210000
105    @ay z 000yy
200 1  @a管好自己,就没有做不成的事@9guan hao zi ji,jiu mei you zuo bu cheng de shi@f乔子青著
210    @a沈阳@c沈阳出版社@d2017
215    @a229页@d24cm
314    @a乔子青,五四青年节出生的女青年,热爱生活,享受自律,喜欢一切美好的事务。
330    @a本书共有九章,主要内容包括“管好自己,才能飞——优秀的人,都敢对自己下狠手”“你的信念,不可动摇——最可怕的敌人,是没有强大的信念”“做情绪的主人,别做奴隶——冲动多以愚蠢开始,以悔恨告终”“了断恐惧,朝前走——命运害怕勇敢的人,而专去欺负胆小鬼”等。
606 0  @a自我管理@j通俗读物
690    @aC912.1-49@v5
701  0 @a乔子青@9qiao zi qing@4著
801  0 @aCN@b91MARC@c20170905
905    @aMuseLib@dC912.1-49@e1305
    
    管好自己,就没有做不成的事/乔子青著.-沈阳:沈阳出版社,2017
    229页;24cm
    
    
    ISBN 978-7-5441-8531-8:CNY39.80
    本书共有九章,主要内容包括“管好自己,才能飞——优秀的人,都敢对自己下狠手”“你的信念,不可动摇——最可怕的敌人,是没有强大的信念”“做情绪的主人,别做奴隶——冲动多以愚蠢开始,以悔恨告终”“了断恐惧,朝前走——命运害怕勇敢的人,而专去欺负胆小鬼”等。
●
相关链接 在E读中查询图书 在五车中查询图书 在当当中查询图书 在豆瓣中查询图书


正题名:管好自己,就没有做不成的事     索取号:C912.1-49/1305         预约/预借

序号 登录号 条形码 馆藏地/架位号 状态 备注
1 1100844   211008443   第一样本阅览室/ [索取号:C912.1-49/1305] 在馆    
2 1100845   211008452   教育系资料室/ [索取号:C912.1-49/1305] 在馆    
3 1100846   211008461   教育系资料室/ [索取号:C912.1-49/1305] 在馆    
4 1100847   211008470   教育系资料室/ [索取号:C912.1-49/1305] 在馆    
5 1100848   211008489   第一借阅区/ [索取号:C912.1-49/1305] 在馆    
6 1100849   211008498   第一借阅区/ [索取号:C912.1-49/1305] 在馆    
唐山师范学院图书馆 欢迎您!
大连网信软件有限公司© 版权所有